| 000 | 00312nam a2200097Ia 4500 | ||
|---|---|---|---|
| 005 | 20251222114405.0 | ||
| 008 | 251222s1900||||xx |||||||||||||| ||spa|| | ||
| 082 | _aDVD191.3/U61F/2006 | ||
| 245 | 0 | _aMiércoles empresariales: análisis de la transparencia del costo de crédito en el Comercio Corporativo: | |
| 942 | _cDVD | ||
| 999 |
_c1801 _d1801 |
||